000 00763nam0a22002531 4500
001 rc\154137
005 20030307112710.3
010 _a5-247-02907-0
_9500
035 _a(NLR Aleph) 005421646
090 _a7482231
_c7482231
100 _a20030307d1993 u |0rusy50 ca
101 0 _arus
102 _aRU
105 _aa |||||||||
200 1 _aФрикционные колебания в механических системах
210 _aМ.
_cНедра
_d1993
215 _a239, [1] с.
_cил.
_d21
320 _aБиблиогр.: с. 237-238 (43 назв.)
700 1 _aМарюта
_bА. Н.
_gАлександр Никитович
801 0 _aRU
_bNLR
_gpsbo
801 1 _aRU
_bELAR
_2rusmarc
852 _aNLR
_j93-3/9374
942 _cBOOK
980 _aNB